| 000 | 01047cam a2200217 4500 | ||
|---|---|---|---|
| 001 | WB3940-04 | ||
| 008 | 031022n2003 000 0 eng u | ||
| 035 | _a(Sirsi) u123975 | ||
| 245 | _aShining example of solar energy | ||
| 260 | _c2003 | ||
| 490 |
_aScottish Executive News Release _v 21 October 2003, (2) |
||
| 520 | _aA scheme by the Royal Society for the Protection of Birds (RSPB) is launched encouraging people to use solar energy. Individuals will be allowed to install the technology by offering a fixed solar power installation price and special loan to finance it. RSPB members are being specially targeted and it is open to members of the public. For the news release: http://www.scotland.gov.uk/pages/news/2003/10/SEel117.aspx | ||
| 590 | _aWB | ||
| 650 | _aROYAL SOCIETY FOR THE PROTECTION OF BIRDS | ||
| 650 | _aSOLAR POWER | ||
| 650 | _aSOLAR ENERGY | ||
| 650 | _aRENEWABLE ENERGY | ||
| 650 | _aENVIRONMENTAL BENEFITS | ||
| 690 | _aENVIRONMENTAL AND LAND CONSULTANCY-ENERGY-ENERGY USE-ENERGY EFFICIENCY | ||
| 942 | _n0 | ||
| 999 |
_c73628 _d73628 |
||